000 00560nam a22002177a 4500
003 UA-OsUOA
001 52490
007 ta
008 20080218b un ||||| |||| 00| 0 ukr d
100 _aПівень І.
090 _a908
_bП-12
942 _cSA
040 _aUA-OsUOA
_bukr
_cUA-OsUOA
_dUA-OsUOA
245 _aПрезентація "Християнської етики" нового покоління
300 _aС.3
955 _a0
041 _aukr
080 _a908
773 0 _w52488
650 7 _a908 Краєзнавство
_2UDC
999 _c338581
_d338581